000
00301nam a22001337a 4500
003
SGT
082
_a
340,BHA
100
_a
BHATT,SALIGRAM
245
_a
WATER RESOURCES MANAGEMENT
260
_a
NEW DELHI
_b
A.P.H .PUB.
_c
2010
300
_a
355
650
_a
WATER RESOURCES MANAGEMENT
942
_2
ddc
_c
BK
999
_c
11041
_d
11041